British civilization : an introduction

Αποθηκεύτηκε σε:
Λεπτομέρειες βιβλιογραφικής εγγραφής
Κύριος συγγραφέας: Oakland, John
Μορφή: Βιβλίο
Γλώσσα:English
Δημοσίευση: London : Routledge, c1998
Έκδοση:4th ed.
Θέματα:
Ετικέτες: Προσθήκη ετικέτας
Δεν υπάρχουν, Καταχωρήστε ετικέτα πρώτοι!

MARC

LEADER 00000nam a2200000 i 4500
001 1/72376
008 990316s1998 eng d
020 |a 0415165695 
035 |l 10048548 
040 |a GR-MY-UA  |b gre  |e aacr 
041 0 |a eng 
082 0 |a 941 
100 1 |a Oakland, John. 
245 1 0 |a British civilization :  |b an introduction /  |c John Oakland 
250 |a 4th ed. 
260 |a London :   |b Routledge,   |c c1998 
300 |a xx, 359 σ.;  |b εικ., χάρτες;  |c 22 εκ. 
504 |a Περιέχει βιβλιογραφικές παραπομπές (σ. 347-353) και ευρετήριο 
651 0 |a Great Britain  |x Civilization. 
852 |a INST  |b LESVOS  |e 19990316  |h 941 OAK  |p 005100016787  |q 005100016787  |t BK  |y 0 
901 |a BIBL-1999-1 
909 |a Λ  |b 061411 
922 |a 1ΕΛΗ  |b 199811  |c ΚΠΣ/ΤΚ  |d ΠΑΠΑΣΩΤΗΡΙΟΥ 
950 |a 103-1998-07-27